000 00518nam a2200181Ia 4500
008 240729s9999 xx 000 0 und d
022 _a2514-5339
245 0 _aUrban Transcripts
260 _aUnited Kingdom
260 _bUrban Transcripts
650 _a Cities. Urban geography
650 _a Human ecology. Anthropogeography
650 _a Settlements
650 _aGeography. Anthropology. Recreation
856 _uhttps://doaj.org/toc/1dfcf4eefb43490587a9d2a13bf68915
942 _2ddc
942 _cDOAJEJ
999 _c66510
_d66510
945 _a1
_bMadushi Gamage
_c1
_dMadushi Gamage